أقرب ستة دول - قطر - Statistics

الإحصائيات العامة
  • هذا الإختبار تم الخضوع له 220 مره
  • الدرجة المتوسطة هي 2 من 6
إحصائيات الإجابة
كم دولة % صحيح
1 البحرين
80%
379 الكويت
43%
0 المملكة العربية السعودية
18%
187 إيران
6%
420 سلطنة عمان
3%
31 العربية المتحدة الإمارات
0%
No matching quizzes found
توزيع النقاط
نسبة الأشخاص لكل درجة
النسبة وفقا للأرقام
سجل النقاط الخاصة بك
لم تضخع لهذا الإختبار